Southville International School and Colleges
Your cart is empty.
  • Cart
  • Lists
    Public lists Eva Luna New books Lux_list list_1
    Your lists Log in to create your own lists
  • Log in to your account
  • Your cookies
  • Search history
Southville International School and Colleges
  • Advanced search
  • Recent comments
  • Most popular
  • Libraries

Log in to your account

Log in with GOOGLE


If you do not have an external account, but do have a local account, you can still log in:

  1. Home
  2. MARC view: School psychology for the 21st century :
Normal view MARC view ISBD view

School psychology for the 21st century : (Record no. 117957)

[ view plain ]
MARC details
000 -LEADER
fixed length control field 00611nam a2200181Ia 4500
008 - FIXED-LENGTH DATA ELEMENTS--GENERAL INFORMATION
fixed length control field 140609s9999 xx 000 0 und d
020 ## - INTERNATIONAL STANDARD BOOK NUMBER
International Standard Book Number 9781609187521
050 ## - LIBRARY OF CONGRESS CALL NUMBER
Classification number LB 1027.55
Item number .M47 2012
100 ## - MAIN ENTRY--PERSONAL NAME
Personal name Merrell, Kenneth W.
245 ## - TITLE STATEMENT
Title School psychology for the 21st century :
Remainder of title foundations and practices /
Statement of responsibility, etc Kenneth W. Merrell, Ruth A. Ervin, Gretchen Gimpel Peacock
250 ## - EDITION STATEMENT
Edition statement 2nd ed.
260 ## - PUBLICATION, DISTRIBUTION, ETC. (IMPRINT)
Place of publication, distribution, etc New York :
Name of publisher, distributor, etc Guilford Press,
Date of publication, distribution, etc c2012.
300 ## - PHYSICAL DESCRIPTION
Extent 380 p. ;
Dimensions 26 cm.
500 ## - GENERAL NOTE
General note Includes appendix, bibliographical references and index.
521 ## - TARGET AUDIENCE NOTE
Target audience note
942 ## - ADDED ENTRY ELEMENTS (KOHA)
Call number prefix Foreign
Koha item type Books
Holdings
Withdrawn status Lost status Damaged status Home library Current library Shelving location Date acquired Cost, normal purchase price Total Checkouts Full call number Barcode Date last seen Price effective from Koha item type
      College Library College Library Reserve Section 06/09/2014 3876.00   LB 1027.55 .M47 2012 C18245 05/15/2018 06/09/2014 Books

School psychology for the 21st century :

APA

Merrell K. W., . (2012). School psychology for the 21st century. New York: Guilford Press.

Chicago

Merrell Kenneth W, . 2012. School psychology for the 21st century. New York: Guilford Press.

Harvard

Merrell K. W., . (2012). School psychology for the 21st century. New York: Guilford Press.

MLA

Merrell Kenneth W, . School psychology for the 21st century. New York: Guilford Press. 2012.

  • Place hold
  • Print
  • Cite
  • Add to your cart (remove)
  • Save record
    BIBTEX Dublin Core MARCXML MARC (non-Unicode/MARC-8) MARC (Unicode/UTF-8) MARC (Unicode/UTF-8, Standard) MODS (XML) RIS
  • More searches
    Search for this title in:
    Other Libraries (WorldCat) Other Databases (Google Scholar) Online Stores (Bookfinder.com) Open Library (openlibrary.org)

Exporting to Dublin Core...

SOUTHVILLE LIBRARY

Southville International School and Colleges Library

1281 Tropical Ave. Cor. Luxembourg St., BF Homes International, Las Pinas City

Tel. No. 8256374 / 252358 Loc. 117/146

Powered by Koha